000 00648nam a22002417a 4500
003 UA-OsUOA
001 109170
007 ta
008 20141205b un ||||| |||| 00| 0 ukr d
100 _aЧуткий А. І.
090 _a94(477)
_bЧ-95
942 _cBK
040 _aUA-OsUOA
_bukr
_cUA-OsUOA
_dUA-OsUOA
245 _aІсторія України
_bнавч. посіб. для студ. ВНЗ
300 _a352 с.
955 _a2
041 _aukr
080 _a94(477)
020 _a966-608-548-8
260 _aК.
_bМАУП
_c2006
650 7 _a9 Географія. Біографії. Історія
_2UDC
999 _c395229
_d395229